000
00289nam a22001337a 4500
008
180922b xxu||||| |||| 00| 0 eng d
020
_a
0155414607
041
_a
eng
080
_a
371
100
_a
25
101
_a
EDU
245
_a
The Informed Argument
_c
Miller, R.K
942
_2
udc
_c
BK
999
_c
48261
_d
48261